Millorem el medi ambient
Descripción Física:
1 ventall : il·lustracions ; 21 x 25 cm
Materias:
Ventalls
Idioma:
Catalán
MARC
| LEADER | 00000nrm a2200000 a 4500 | ||
|---|---|---|---|
| 001 | 25940 | ||
| 008 | 220615b spa||||| |||| 00| 0 cat d | ||
| 080 | |a NBM-13-252 | ||
| 245 | |a Millorem el medi ambient |h [Ventall] | ||
| 260 | |a Barcelona : |b Diputació de Barcelona, |c 2016 | ||
| 300 | |a 1 ventall : |b il·lustracions ; |c 21 x 25 cm | ||
| 500 | |a A la portada: intradiba/milloremelmediambient | ||
| 655 | 0 | |9 52933 |a Ventalls | |
| 710 | 1 | |a Barcelona (Catalunya : Província). |b Diputació |9 52408 | |
| 942 | |2 udc |n 1 |c ARXIU | ||
| 952 | |0 0 |1 0 |4 0 |6 NBM13252 |7 1 |9 62405 |a Arxiu |b Arxiu |d 2022-06-15 |l 0 |o NBM-13-252 |p 25940 |r 2022-06-15 00:00:00 |w 2022-06-15 |y ARXIU | ||
| 952 | |0 0 |1 0 |2 udc |4 0 |6 NBM1483 |7 1 |9 64415 |a Arxiu |b Arxiu |d 2022-11-28 |l 0 |o NBM-14-83 |p 27050 |r 2022-11-28 00:00:00 |w 2022-11-28 |y ARXIU | ||
| 952 | |0 0 |1 0 |2 udc |4 0 |6 PDL |7 1 |9 64738 |a Arxiu |b Arxiu |d 2022-12-12 |l 0 |o PDL |p 27095 |r 2022-12-12 00:00:00 |w 2022-12-12 |y ARXIU | ||
| 999 | |c 82050 |d 82050 | ||